Tablettes mensuelles de la Société Royale de Médecine Publique. (Record no. 187812)
[ view plain ]
| 000 -LEADER | |
|---|---|
| campo de control de longitud fija | 00673nas a2200193 i 4500 |
| 001 - NÚMERO DE CONTROL | |
| campo de control | 187812 |
| 003 - IDENTIFICADOR DE NÚMERO DE CONTROL | |
| campo de control | ES-MaACL |
| 005 - FECHA Y HORA DE LA ÚLTIMA TRANSACCIÓN | |
| campo de control | 20250701062207.0 |
| 008 - DATOS DE LONGITUD FIJA--INFORMACIÓN GENERAL | |
| campo de control de longitud fija | 180309q1885 be | | ||re d |
| 245 00 - MENCIÓN DEL TÍTULO | |
| Título | Tablettes mensuelles de la Société Royale de Médecine Publique. |
| 260 ## - PUBLICACIÓN, DISTRIBUCIÓN, ETC. | |
| Lugar de publicación, distribución, etc. | [Belgique : |
| Nombre del editor, distribuidor, etc. | Société Royale de Médecine Publique, |
| Fecha de publicación, distribución, etc. | 1885-] |
| 300 ## - DESCRIPCIÓN FÍSICA | |
| Extensión | 4 volúmenes ; |
| Dimensiones | 25 cm. |
| 310 ## - PERIODICIDAD ACTUAL | |
| Periodicidad actual | Mensual |
| 710 2# - ENTRADA AGREGADA--NOMBRE DE ENTIDAD CORPORATIVA | |
| Nombre de entidad corporativa o nombre de jurisdicción como elemento de entrada | Société Royale de Médecine Publique de Belgique. |
| Término indicativo de función/relación | entidad responsable |
| 9 (RLIN) | 134948 |
| 852 ## - LOCALIZACIÓN | |
| Ubicación | ES-MaACL |
| Ubicación en estantería | Depósito folletos |
| Donativo/Legado | Donativo de Vicente Cabello |
| Número de control de estantería | T-929-F-13-19 |
| 866 #0 - MENCIÓN TEXTUAL DE FONDOS--UNIDAD BIBLIOGRÁFICA BÁSICA | |
| Fondos | 1885 (enero-julio). |
| 942 ## - ELEMENTOS DE ENTRADA SECUNDARIOS (KOHA) | |
| Fuente del sistema de clasificación o colocación | Clasificación decimal universal |
| Tipo de ítem Koha | Folleto |
| Suprimir en OPAC | No |
| Estatus retirado | Estado de pérdida | Estado de daño | No para préstamo | Colección | Biblioteca de origen | Biblioteca actual | Ubicación en estantería | Fecha de adquisición | Fuente de adquisición | Total de préstamos | Signatura topográfica completa | Código de barras | Visto por última vez | Precio de reemplazo | Tipo de ítem Koha |
|---|---|---|---|---|---|---|---|---|---|---|---|---|---|---|---|
| Colección de folletos | Biblioteca del Ateneo de Madrid | Biblioteca del Ateneo de Madrid | Depósito folletos | 09/03/2018 | T-929-F-13-19 | 1198442 | 23/02/2023 | 23/02/2023 | Folleto |
